[Event "Feffernitz Raika op 18th"]
[Site "Feffernitz"]
[Date "2009.08.23"]
[Round "9"]
[White "Scheiber, Michael"]
[Black "Stingl, Rene"]
[Result "1-0"]
[WhiteElo "2026"]
[BlackElo "1792"]
[PlyCount "97"]
[EventDate "2009.08.16"]
[EventType "swiss"]
[EventRounds "9"]
[EventCountry "AUT"]
[SourceTitle "CBM 131 Extra"]
[Source "ChessBase"]
[SourceDate "2009.09.03"]
[SourceVersion "2"]
[SourceVersionDate "2009.09.16"]
[SourceQuality "1"]

1. e4 e6 2. d4 d5 3. Nc3 Bb4 4. e5 c5 5. a3 Bxc3+ 6. bxc3 Ne7 7. Qg4 Nbc6 8. Qxg7 Rg8 9. Qxh7 Qa5 10. Bd2 Qa4 11. Ne2 cxd4 12. f4 Bd7 13. Qd3 Nf5 14. g4 Ne3 15. Bxe3 dxe3 16. g5 0-0-0 17. Nd4 Nxd4 18. cxd4 Bc6 19. c3 Kb8 20. Be2 Rc8 21. 0-0 a6 22. Qxe3 Bb5 23. Bxb5 Qxb5 24. Qd2 Rh8 25. Rf3 Rh5 26. h3 Rch8 27. Kg2 Rh4 28. Rh1 Qb3 29. Qc1 Qa2+ 30. Rf2 Qc4 31. Qc2 Rc8 32. Rc1 Rch8 33. Rf3 Rc8 34. Qb2 Rc7 35. Kg3 Rh8 36. h4 Rcc8 37. Rb1 Qc7 38. Qb6 Qc6 39. Kg4 Rc7 40. Qxc6 Rxc6 41. f5 Kc8 42. fxe6 fxe6 43. g6 Rc7 44. Rf6 Re8 45. h5 Rxc3 46. g7 Rc2 47. h6 Kb8 48. Rf8 Rcc8 49. Rbf1 1-0

[Event "Feffernitz Raika op 18th"]
[Site "Feffernitz"]
[Date "2009.08.17"]
[Round "3"]
[White "Fruechel, Marcel"]
[Black "Scheiber, Michael"]
[Result "1-0"]
[WhiteElo "1855"]
[BlackElo "2026"]
[PlyCount "51"]
[EventDate "2009.08.16"]
[EventType "swiss"]
[EventRounds "9"]
[EventCountry "AUT"]
[SourceTitle "CBM 131 Extra"]
[Source "ChessBase"]
[SourceDate "2009.09.03"]
[SourceVersion "2"]
[SourceVersionDate "2009.09.16"]
[SourceQuality "1"]

1. d4 d5 2. c4 c6 3. Nf3 dxc4 4. a4 Nf6 5. Nc3 Nd5 6. e4 Nxc3 7. bxc3 b5 8. Be2 e6 9. 0-0 Be7 10. Qc2 0-0 11. Bf4 Bd7 12. e5 Be8 13. Nd2 a5 14. Ne4 Na6 15. Be3 Nc7 16. f4 Nd5 17. Rf3 Nxe3 18. Rxe3 g6 19. Bg4 Kg7 20. Rh3 Qb6 21. Qd2 h5 22. Bxh5 gxh5 23. Rg3+ Kh7 24. Nf6+ Bxf6 25. Qe2 Kh6 26. exf6 1-0

[Event "Feffernitz Raika op 17th"]
[Site "Feffernitz"]
[Date "2008.08.20"]
[Round "5"]
[White "Pacher, Simon"]
[Black "Scheiber, Michael"]
[Result "1/2-1/2"]
[WhiteElo "1893"]
[BlackElo "2016"]
[PlyCount "45"]
[EventDate "2008.08.17"]
[EventType "swiss"]
[EventRounds "9"]
[EventCountry "AUT"]
[SourceTitle "CBM 126 Extra"]
[Source "ChessBase"]
[SourceDate "2008.11.05"]
[SourceVersion "1"]
[SourceVersionDate "2008.11.05"]
[SourceQuality "1"]

1. e4 Nf6 2. e5 Nd5 3. c4 Nb6 4. d4 d6 5. f4 dxe5 6. fxe5 Nc6 7. Nf3 Bg4 8. Be3 e6 9. Be2 Be7 10. 0-0 0-0 11. Nc3 f6 12. c5 Nd5 13. Nxd5 Qxd5 14. h3 Bh5 15. g4 Bf7 16. exf6 Bxf6 17. g5 Be7 18. Qc1 e5 19. Qc3 exd4 20. Nxd4 Nxd4 21. Qxd4 Qxd4 22. Bxd4 Bxg5 23. Rf5 1/2-1/2

[Event "Feffernitz Raika op 17th"]
[Site "Feffernitz"]
[Date "2008.08.19"]
[Round "4"]
[White "Scheiber, Michael"]
[Black "Saringer, Hubert"]
[Result "1-0"]
[WhiteElo "2016"]
[BlackElo "1867"]
[PlyCount "47"]
[EventDate "2008.08.17"]
[EventType "swiss"]
[EventRounds "9"]
[EventCountry "AUT"]
[SourceTitle "CBM 126 Extra"]
[Source "ChessBase"]
[SourceDate "2008.11.05"]
[SourceVersion "1"]
[SourceVersionDate "2008.11.05"]
[SourceQuality "1"]

1. e4 d6 2. d4 Nf6 3. Nd2 g6 4. Bd3 Bg7 5. Ne2 c6 6. 0-0 Qc7 7. c3 0-0 8. f4 Bg4 9. h3 Bxe2 10. Qxe2 e6 11. Nf3 Nbd7 12. e5 Nd5 13. Qe1 Ne7 14. g4 dxe5 15. fxe5 b5 16. Qh4 Rfe8 17. Ng5 Nf8 18. Nxf7 Nf5 19. gxf5 Qxf7 20. fxg6 Qe7 21. gxh7+ Kh8 22. Qh5 a6 23. Rf7 Qd8 24. Rxg7 1-0

[Event "Feffernitz Raika op 17th"]
[Site "Feffernitz"]
[Date "2008.08.17"]
[Round "2"]
[White "Scheiber, Michael"]
[Black "Horvath, Jozsef"]
[Result "0-1"]
[WhiteElo "2016"]
[BlackElo "2551"]
[PlyCount "48"]
[EventDate "2008.08.17"]
[EventType "swiss"]
[EventRounds "9"]
[EventCountry "AUT"]
[SourceTitle "CBM 126 Extra"]
[Source "ChessBase"]
[SourceDate "2008.11.05"]
[SourceVersion "1"]
[SourceVersionDate "2008.11.05"]
[SourceQuality "1"]

1. e4 c5 2. Nc3 a6 3. g3 b5 4. Bg2 Bb7 5. d3 e6 6. Nf3 d6 7. 0-0 Nd7 8. Re1 Ne7 9. Ng5 Nc6 10. f4 Be7 11. Nh3 0-0 12. Ne2 Nb6 13. f5 exf5 14. exf5 Qd7 15. Nef4 Rae8 16. c3 Qxf5 17. Be4 Qd7 18. Qh5 f5 19. Bd5+ Nxd5 20. Nxd5 Ne5 21. d4 Nd3 22. Rd1 Nxc1 23. Nxe7+ Qxe7 24. Raxc1 Qe3+ 0-1

[Event "Feffernitz Raika op 16th"]
[Site "Feffernitz"]
[Date "2007.08.25"]
[Round "8"]
[White "Wiedermann, Franz"]
[Black "Scheiber, Michael"]
[Result "0-1"]
[WhiteElo "2091"]
[BlackElo "1838"]
[PlyCount "65"]
[EventDate "2007.08.19"]
[EventType "swiss"]
[EventRounds "9"]
[EventCountry "AUT"]
[SourceTitle "EXT 2008"]
[Source "ChessBase"]
[SourceDate "2007.11.25"]
[SourceVersion "1"]
[SourceVersionDate "2007.11.25"]
[SourceQuality "1"]

1. d4 Nf6 2. c4 e6 3. Nf3 b6 4. a3 Bb7 5. Nc3 d5 6. cxd5 exd5 7. Qa4+ c6 8. Bg5 Be7 9. g3 h6 10. Bxf6 Bxf6 11. Bg2 0-0 12. Rd1 Re8 13. 0-0 Nd7 14. Bh3 Nf8 15. b4 b5 16. Qc2 a5 17. e3 axb4 18. axb4 Qd6 19. e4 Qxb4 20. exd5 Ra3 21. Nb1 Rxf3 22. dxc6 Bc8 23. Bxc8 Rxc8 24. Kg2 Rb3 25. d5 Rb2 26. Qf5 Rc7 27. d6 Rxc6 28. d7 Rd6 29. Nc3 Rxd1 30. Rxd1 Qxc3 31. d8Q Bxd8 32. Rxd8 Qc6+ 33. Qf3 0-1

[Event "Feffernitz Raika op 16th"]
[Site "Feffernitz"]
[Date "2007.08.20"]
[Round "3"]
[White "Scheiber, Michael"]
[Black "Piber, Vinko"]
[Result "1/2-1/2"]
[WhiteElo "1838"]
[BlackElo "1959"]
[PlyCount "103"]
[EventDate "2007.08.19"]
[EventType "swiss"]
[EventRounds "9"]
[EventCountry "AUT"]
[SourceTitle "EXT 2008"]
[Source "ChessBase"]
[SourceDate "2007.11.25"]
[SourceVersion "1"]
[SourceVersionDate "2007.11.25"]
[SourceQuality "1"]

1. e4 e5 2. Nf3 Nc6 3. Bc4 Nf6 4. d3 Bc5 5. Nc3 d6 6. Bg5 h6 7. Bxf6 Qxf6 8. Nd5 Qd8 9. c3 a6 10. 0-0 b5 11. Bb3 Na5 12. Bc2 Ba7 13. b4 Nc6 14. h3 0-0 15. Kh1 f5 16. Bb3 Kh7 17. exf5 Bxf5 18. Ne3 Bd7 19. Bd5 Rb8 20. Qc2 g6 21. a4 Ne7 22. Bb3 Rb7 23. axb5 axb5 24. d4 exd4 25. Nxd4 Bxd4 26. cxd4 Nf5 27. Qe4 Rb8 28. Bc2 Qf6 29. Rad1 c6 30. g4 d5 31. Qd3 Nd6 32. f4 Nc4 33. Qc3 Nxe3 34. Qxe3 Rbe8 35. Qd2 Qh4 36. Qd3 Qf6 37. Qd2 Ra8 38. f5 g5 39. Ra1 Kg8 40. Rfe1 Qd6 41. Qd3 Rxa1 42. Rxa1 Re8 43. Rf1 Qxb4 44. f6 Re4 45. Qg3 Rf4 46. Rxf4 gxf4 47. Qxf4 Qe1+ 48. Kg2 Qe2+ 49. Kg3 Qxc2 50. f7+ Kf8 51. Qd6+ Kxf7 52. Qxd7+ 1/2-1/2